ბათუმის შოთა რუსთაველის სახელმწიფო უნივერსიტეტის ბიბლიოთეკა

ბერძნული ცივილიზაცია. ნაკვ.1. გმირთა ეპოქიდან არქაიკამდე (ბიბ.ჩანაწერი № 51617)

000 -LEADER
fixed length control field 00908nam a2200241Ia 4500
001 - CONTROL NUMBER
control field 18608
003 - CONTROL NUMBER IDENTIFIER
control field GE_BSU
008 - FIXED-LENGTH DATA ELEMENTS--GENERAL INFORMATION
fixed length control field 181216s||||||||xx |||||||||||||| ||und||
040 ## - CATALOGING SOURCE
Transcribing agency GE_BSU
080 ## - UNIVERSAL DECIMAL CLASSIFICATION NUMBER
Universal Decimal Classification number 008(38)+930.85 გ-70
245 ## - TITLE STATEMENT
Title ბერძნული ცივილიზაცია. ნაკვ.1. გმირთა ეპოქიდან არქაიკამდე
245 ## - TITLE STATEMENT
Remainder of title გმირთა ეპოქიდან არქაიკამდე
245 ## - TITLE STATEMENT
Statement of responsibility, etc. რედ.ლ.თურმანიძე
260 ## - PUBLICATION, DISTRIBUTION, ETC.
Place of publication, distribution, etc. თბილისი
260 ## - PUBLICATION, DISTRIBUTION, ETC.
Name of publisher, distributor, etc. მერანი
260 ## - PUBLICATION, DISTRIBUTION, ETC.
Date of publication, distribution, etc. 1988
300 ## - PHYSICAL DESCRIPTION
Extent 313გვ.23სმ.
653 ## - INDEX TERM--UNCONTROLLED
Uncontrolled term ბერძნული ცივილიზაცია
653 ## - INDEX TERM--UNCONTROLLED
Uncontrolled term გმირთა ეპოქიდან არქაიკამდე
653 ## - INDEX TERM--UNCONTROLLED
Uncontrolled term ქსეროქსი
942 ## - ADDED ENTRY ELEMENTS (KOHA)
Koha item type წიგნი
ეგზემპლარები
Withdrawn status Lost status Damaged status Not for loan Date acquired Barcode Date last seen Price effective from Koha item type Public note
        2018-12-17 00351 ქსეროქსი 2018-12-17 2018-12-17 წიგნი ქსეროქსი
        2018-12-17 00352 ქსეროქსი 2018-12-17 2018-12-17 წიგნი ქსეროქსი